Complete the Titles of Songs by The Rolling Stones (1960s) - Statistics

General Stats
  • This quiz has been taken 69 times
  • The average score is 13 of 15
Answer Stats
Answer % Correct
Paint It {Black}
98%
(I Can’t Get No) {Satisfaction}
97%
Jumpin’ Jack {Flash}
97%
Street Fighting {Man}
97%
Sympathy for the {Devil}
95%
Honky Tonk {Woman}
93%
It’s All Over {Now}
88%
I Wanna Be Your {Man}
88%
Not Fade {Away}
88%
19th Nervous {Breakdown}
83%
Get Off of My {Cloud}
83%
Ruby {Tuesday}
83%
The Last {Time}
69%
Little Red {Rooster}
59%
She’s A {Rainbow}
59%
No matching quizzes found
Score Distribution
Percent of People with Each Score
Percentile by Number Answered
Your Score History
You have not taken this quiz